The silent Pentecostals: (Record no. 14133)

000 -LEADER
fixed length control field 00770nam a2200205 a 4500
001 - CONTROL NUMBER
control field :::00011957$&:&@@
003 - CONTROL NUMBER IDENTIFIER
control field OkBaRHE
005 - DATE AND TIME OF LATEST TRANSACTION
control field 20000607103414.0
008 - FIXED-LENGTH DATA ELEMENTS--GENERAL INFORMATION
fixed length control field s1979 j 000 0 eng u
040 ## - CATALOGING SOURCE
Transcribing agency
100 1# - MAIN ENTRY--PERSONAL NAME
Personal name De Leon, Victor.
245 14 - TITLE STATEMENT
Title The silent Pentecostals:
Remainder of title a biographical history of the Pentecostal movement among the Hispanics in the twentieth century.
260 ## - PUBLICATION, DISTRIBUTION, ETC. (IMPRINT)
Place of publication, distribution, etc [La Habra? CA.], :
Name of publisher, distributor, etc De Leon
Date of publication, distribution, etc c1979
300 ## - PHYSICAL DESCRIPTION
Extent ix, 206 p., [1] leaf of plates : illus. ;
Dimensions 21 cm.
650 ## - SUBJECT ADDED ENTRY--TOPICAL TERM
Topical term or geographic name as entry element Hispanic Americans
General subdivision Religion
650 ## - SUBJECT ADDED ENTRY--TOPICAL TERM
Topical term or geographic name as entry element Pentecostal Churches
General subdivision History
650 ## - SUBJECT ADDED ENTRY--TOPICAL TERM
Topical term or geographic name as entry element Pentecostals
General subdivision United States
-- History
942 ## - ADDED ENTRY ELEMENTS (KOHA)
Source of classification or shelving scheme
Koha item type Books
Copies
Shelving location Not for loan Source of classification or shelving scheme Barcode Copy number Withdrawn status Date acquired Full call number Date last seen Permanent Location Price effective from Damaged status Lost status Koha item type
General Stacks  119571 2010-04-14BX 8762 .Z8A22010-04-14RHEMA Bible Training College2010-04-14  Books